Statistiken für Disney Filme erraten mit Bildern - Teil 2

Klicken Sie hier um das Quiz zu spielen!

Allgemein

  • Dieses Quiz wurde 1.768 mal gespielt
  • Das Durchschnittsergebnis liegt bei 12 aus 16

Antwortstatistiken

Antwort% Korrekt
Arielle, die Meerjungfrau
99%
Der König der Löwen
99%
Die Schöne und das Biest
98%
Aladdin
97%
Tarzan
96%
Mulan
92%
Hercules
89%
Der Glöckner von Notre Dame
88%
Die vielen Abenteuer von Winnie Puuh
88%
Pocahontas
87%
Bernard und Bianca - Die Mäusepolizei
64%
Cap und Capper
61%
Ein Königreich für ein Lama
57%
Basil, der große Mäusedetektiv
22%
Oliver & Co.
21%
Taran und der Zauberkessel
14%

Verteilung der Resultate

Perzentil nach korrekt beantworteten Fragen

Anzahl Personen mit jedem Resultat

Ihre Resultats-Entwicklung

Sie haben dieses Quiz noch nicht gespielt